Reinstatement cost assessments of buildings (Record no. 116122)

MARC details
000 -LEADER
fixed length control field 01469cad a22002775a 4500
001 - CONTROL NUMBER
control field L159813
008 - FIXED-LENGTH DATA ELEMENTS--GENERAL INFORMATION
fixed length control field 110517s2018 xxk 000 0 eng u
020 ## - INTERNATIONAL STANDARD BOOK NUMBER
International Standard Book Number 9781783212224
035 ## - SYSTEM CONTROL NUMBER
System control number (Sirsi) u159813
041 0# - LANGUAGE CODE
Language code of text/sound track or separate title eng
050 04 - LIBRARY OF CONGRESS CALL NUMBER
Classification number 368.1 $2 18
110 2# - MAIN ENTRY--CORPORATE NAME
Corporate name or jurisdiction name as entry element Royal Institution of Chartered Surveyors
9 (RLIN) 4900
245 00 - TITLE STATEMENT
Title Reinstatement cost assessments of buildings
Medium [electronic resource]
250 ## - EDITION STATEMENT
Edition statement 3rd ed.
260 ## - PUBLICATION, DISTRIBUTION, ETC.
Place of publication, distribution, etc. London,
Name of publisher, distributor, etc. Royal Institution of Chartered Surveyors,
Date of publication, distribution, etc. 2018
490 #0 - SERIES STATEMENT
Series statement RICS Guidance Note
520 ## - SUMMARY, ETC.
Summary, etc. Intended as a guide for surveyors who carry out reinstatement cost assessments of buildings. It provides detailed recommendations on the manner in which assessments should be approached; the nature and extent of the information to be collated and the manner in which this information should be processed and the assessment calculated and submitted.
520 ## - SUMMARY, ETC.
Summary, etc. Supersedes second edition (ISBN 9781842196656).
520 ## - SUMMARY, ETC.
Summary, etc. Effective from 1 June 2018.
590 ## - LOCAL NOTE (RLIN)
Local note KA
650 ## - SUBJECT ADDED ENTRY--TOPICAL TERM
Source of heading or term REINSTATEMENT COST
651 #4 - SUBJECT ADDED ENTRY--GEOGRAPHIC NAME
Geographic name United Kingdom
690 ## - LOCAL SUBJECT ADDED ENTRY--TOPICAL TERM (OCLC, RLIN)
Topical term or geographic name as entry element PROPERTY-PROPERTY VALUATION AND APPRAISAL-INSURANCE VALUATION-PROPERTY INSURANCE ASSESSMENT-REINSTATEMENT COST ASSESSMENT
856 41 - ELECTRONIC LOCATION AND ACCESS
Uniform Resource Identifier <a href="https://www.rics.org/globalassets/rics-website/media/upholding-professional-standards/sector-standards/building-surveying/reinstatement-cost-assessment-of-buildings-3rd-edition-oct18.pdf">https://www.rics.org/globalassets/rics-website/media/upholding-professional-standards/sector-standards/building-surveying/reinstatement-cost-assessment-of-buildings-3rd-edition-oct18.pdf</a>
Public note Available free on RICS.org
942 ## - ADDED ENTRY ELEMENTS (KOHA)
Suppress in OPAC 0
Source of classification or shelving scheme Dewey Decimal Classification
Holdings
Withdrawn status Lost status Source of classification or shelving scheme Damaged status Not for loan Home library Current library Shelving location Date acquired Total Checkouts Full call number Barcode Date last seen Copy number Price effective from Koha item type
    Dewey Decimal Classification     Virtual Virtual Online 14/02/2018   ONLINE PUBLICATION 159813-2001 06/08/2019 1 06/08/2019 Book